000 00441nam a2200157 i 4500
001 58154
003 ES-MaACL
005 20230906163734.0
007 t|
008 031021s1962 sp ||||1| spa d
100 1 _aDue Rojo, Antonio.
_945872
245 1 3 _aEl cosmos en la actualidad científica /
_cpor Antonio Due Rojo.
260 _aMadrid :
_bRazón y Fé,
_c1962.
300 _a188 p. ;
_c18 cm.
852 _aES-MaACL
_jC-22404
_bR.51141
999 _c58154
_d58154